| 000 | 00638cam a22001811 4500 | ||
|---|---|---|---|
| 082 |
_a715 _bNAT _cNAS, NRS |
||
| 110 | 2 |
_aNational Research Council (U.S.). _920017 |
|
| 245 | 1 | 0 |
_aPlanning and management of roadside vegetation; _ban analysis of principles. |
| 260 |
_aWashington, _c1956. |
||
| 300 |
_aiv, 48 p. _billus. _c28 cm. |
||
| 490 | 1 | _aHighway Research Board. Special report 23 | |
| 490 | 1 | _aNational Research Council (U.S.). Publication | |
| 526 |
_a0 _b0 _c0 _d715_000000000000000_NAT |
||
| 650 | 0 |
_aLandscape gardening. _932117 |
|
| 650 | 0 |
_aRoadside improvement. _921192 |
|
| 650 | 0 |
_aTree planting. _945704 |
|
| 942 |
_2ddc _cBK |
||
| 999 |
_c549171 _d549171 |
||